Mechanics of materials (Record no. 6912)

000 -LEADER
fixed length control field 00506nam a2200205 a 4500
001 - CONTROL NUMBER
control field 6912
003 - CONTROL NUMBER IDENTIFIER
control field BD-DhUET
008 - FIXED-LENGTH DATA ELEMENTS--GENERAL INFORMATION
fixed length control field 750825s1976 nyua bi 001 0 eng
040 ## - CATALOGING SOURCE
Original cataloging agency DLC
Transcribing agency DLC
Modifying agency BD-DhUET
082 00 - DEWEY DECIMAL CLASSIFICATION NUMBER
Classification number 620.11
Item number POP/1976
100 ## - MAIN ENTRY--PERSONAL NAME
Personal name Popov, E. P.
245 00 - TITLE STATEMENT
Title Mechanics of materials
250 ## - EDITION STATEMENT
Edition statement 2nd ed.
260 ## - PUBLICATION, DISTRIBUTION, ETC. (IMPRINT)
Place of publication, distribution, etc. New Jersey
Name of publisher, distributor, etc. Prentice-Hall
Date of publication, distribution, etc. 1976
300 ## - PHYSICAL DESCRIPTION
Extent ix,589p.
Other physical details ill.
Dimensions 24 cm.
650 #0 - SUBJECT ADDED ENTRY--TOPICAL TERM
Topical term or geographic name as entry element Strength of materials
700 ## - ADDED ENTRY--PERSONAL NAME
Personal name Nagarajan, S.
700 ## - ADDED ENTRY--PERSONAL NAME
Personal name Lu, Z. A.
942 ## - ADDED ENTRY ELEMENTS (KOHA)
Koha item type General Book
Holdings
Shelving location Piece designation (barcode) Lost status Koha date last borrowed Koha full call number Withdrawn status Koha date last seen Price effective from Source of classification or shelving scheme Location (home branch) Date acquired Koha issues (times borrowed) Damaged status Koha item type Sublocation or collection (holding branch) Copy number Koha normalized classification for sorting Not for loan
Circulation section66175 2023-12-02620.11/POP/1976 2023-12-172014-12-06 Central Library, BUET2014-12-062 General BookCentral Library, BUET1620_110000000000000_POP_1976 
Circulation section21010  620.11/ POP/1976 2014-12-072014-12-07 Central Library, BUET2014-12-07  General BookCentral Library, BUET2620_110000000000000_POP_1976 
Circulation section7885 2023-12-11620.11/POP/1976 2024-01-162014-12-07 Central Library, BUET2014-12-071 General BookCentral Library, BUET3620_110000000000000_POP_1976 
Reading section45480  620.11/POP/1976 2015-06-302015-06-30 Central Library, BUET2015-06-30  Reading ItemCentral Library, BUET4620_110000000000000_POP_1976